Responses for Show #9161 - Monday, September 16, 2024

Contestants

[<< previous game]

Aiden Orzech, a teacher from Thornhill, Ontario, Canada

Sam Watson, a pharmacy software salesman from Westwood, Kansas

Evan Suttell, a nonprofit program assistant originally from Lakewood, Ohio (whose 1-day cash winnings total $20,200)

[next game >>]

Jeopardy! Round responses

1964 FIRSTS
FUN WITH U.S. STATE CAPITAL NAMES
3-LETTER VERBS
ALL LIES ON ME
BOXING
FAMILIAR FURNITURE
    $200 3
D.C.

Evan
    $200 18
Columbus & Columbia

Evan
    $200 19
lap

Sam
    $200 25
perjury

Evan
    $200 1
greatest woman of all time

Evan
    $200 30
(Ken: What will the man think of next?)

a chest & a dresser

Sam
    $400 4
(Evan: What are... airbags?)

seatbelts

EvanAiden
    $400 17
Oklahoma City

Sam
    $400 20
(Evan: Eh... what is sun?)
(Sam: What is ebb?)
...
(Ken: What is [*]; the Moon [*]es and wanes.)

to wax

EvanSam
Triple Stumper
    $400 22
Ricky Gervais

Aiden
    $400 2
Muhammad Ali

Aiden
    $400 29
a sectional

Evan
    $600 5
(Evan: What is a Purple Heart?)

a Medal of Honor

EvanSam
    $1,000 7
Tallahassee

Sam
    $600 21
(Aiden: What is ape?)

to mug

Aiden
Triple Stumper
    $600 26
(Evan: What is ill will?)

false witness

EvanAiden
    $600 9
Madison Square Garden

Sam
    $600 14
a club

Evan
    $800 16
Ruby

Evan
    $800 6
Baton Rouge

Sam
    $800 23
gut

Aiden
    $800 27
Franken

Evan
    $800 10
Tyson

Evan
    $800 13
buffet

Aiden
    $1000 15
(Ken: In [*], those Olympics were in Tokyo.)

judo

Triple Stumper
    $1000 8
(Ken: What is [*] with an "O" in Kentucky.)

Frankfort

Triple Stumper
    $1000 24
(Aiden: Hmm... what is amp?)

to cox

Aiden
Triple Stumper
    $1000 28
Balderdash

Triple Stumper
    $1000 11
(Evan: Who is Johnson?)

Joe Louis

Evan
Triple Stumper
    $1000 12
(Sam: What is booth?)

banquette

SamAiden

Scores at the first commercial break (after clue 15):

Evan Sam Aiden
-$200 $2,000 $2,600

Scores at the end of the Jeopardy! Round:

Evan Sam Aiden
$1,200 $2,400 $2,800

Double Jeopardy! Round responses

WORKING FROM "HOME"
TRANSLATE THE DOC TALK
GONE COUNTRY
CHASING RAINBOWS
STAGE DIRECTIONS IN SHAKESPEARE
(Ken: From the Riverside edition, for the record.)
EXITS & ENTRANCES
    $400 13
mobile home dwellers

Sam
    $400 24
a heart attack

Aiden
    $400 26
Beyoncé

Evan
    $400 8
Kermit

Evan
    $400 3
a handkerchief

Aiden
    $400 30
(Ken: Maybe the Italian name gives you a clue; that was at [*]--opera singer.)

the Met

Triple Stumper
    $800 2
home ice advantage

Aiden
    $800 22
(Evan: What's a headache?)

a fever

EvanSam
    $800 27
Lionel Richie

Aiden
    $800 9
Pollock

Evan
    $800 4
Regan

Aiden
    $800 18
(Sam: What is a comet?)
(Ken: Can you be more specific?)

Halley's Comet

Sam
    $1200 1
"Homeward Bound"

Sam
    $1200 15
a stroke

Triple Stumper
    $1200 16
Bob Dylan

Triple Stumper
    $1200 10
(Ken: Yeah, we're blowing the lid off rainbow chard today.)
[Laughter]

Swiss chard

Aiden
    $1200 5
(Ken: Yeah, A Midsummer Night's Dream.)

Bottom

Aiden
    $2,000 17
(Augustus) Juilliard

Sam
    $1600 14
Look Homeward, Angel

Triple Stumper
    $2,000 23
(Sam: What is... back pain?)

neck pain

Sam
    $1600 29
Linda Ronstadt

Triple Stumper
    $1600 11
the Bifrost

Aiden
    $1600 6
Rosencrantz & Guildenstern

Aiden
    $1600 19
Garibaldi

Evan
    $2000 21
(Ken: That's right, weird tradition.)
[Laughter]

the Home Secretary

Aiden
    $2000 25
teeth grinding

Evan
    $2000 28
Kylie Minogue

Triple Stumper
    $2000 12
Pynchon

Evan
    $2000 7
Richard III

Evan
    $2000 20
Eugene O'Neill

Aiden

Scores at the end of the Double Jeopardy! Round:

Evan Sam Aiden
$9,600 $5,600 $15,600

[wagering suggestions for these scores]

Final Jeopardy! Round responses

HISTORY
(Ken: [To Evan] The Navy found that is was likely not a mine that blew up the ship that sparked the Spanish-American War.)
SamWhat is The Challenger?
$0
EvanWhat is the USS Maine?
$9,600
AidenWhat is The Maine?
$11,999
the (USS) Maine

Final scores:

Evan Sam Aiden
$19,200 $5,600 $27,599
2nd place: $3,000 3rd place: $2,000 New champion: $27,599

Game dynamics:

Coryat scores:

Evan Sam Aiden
$9,600 $6,400 $15,600
16 R,
6 W
12 R
(including 2 DDs),
3 W
(including 1 DD)
18 R,
2 W

Combined Coryat: $31,600

[game clues] [game scores] [suggest correction]

Game tape date: 2024-05-31
The J! Archive is created by fans, for fans. Scraping, republication, monetization, and malicious use prohibited; this site may use cookies and collect identifying information. See terms. The Jeopardy! game show and all elements thereof, including but not limited to copyright and trademark thereto, are the property of Jeopardy Productions, Inc. and are protected under law. This website is not affiliated with, sponsored by, or operated by Jeopardy Productions, Inc. Join the discussion at JBoard.tv.